TV English 1 / Tập 1

محفوظ في:
التفاصيل البيبلوغرافية
المؤلف الرئيسي: Joanna Spencer
التنسيق: كتاب
اللغة:English
منشور في: Tổng hợp tphcm, 2009.
الموضوعات:
الوسوم: إضافة وسم
لا توجد وسوم, كن أول من يضع وسما على هذه التسجيلة!
Thư viện lưu trữ: Mạng thư viện Đại học Đà Nẵng
LEADER 00846cam a22002771a 4500
001 000035129
005 20240919155136.0
041 |a eng 
082 |a 420.8  |b SP-J 
100 |a Joanna Spencer 
245 0 |a TV English 1 /  |c Joanna Spencer.  |n Tập 1 
260 |a Tổng hợp tphcm,  |c 2009. 
300 |a 128tr. : ;  |c 21,5cm. 
650 |a TV English 
653 |a English  |a TV English 
OWN |a LNN 
AVA |a UDN50  |b LNN  |c English  |e available  |t Error 5001 Not defined in file expand_doc_bib_avail.  |f 5  |g 0  |h N  |i 0  |j AN 
999 |a From the UDN01 
AVA |a UDN50  |b LNN  |c English  |e available  |t Error 5001 Not defined in file expand_doc_bib_avail.  |f 5  |g 0  |h N  |i 0  |j AN 
TYP |a Monograph 
TYP |a Printed language 
TYP |a GV 
980 |a Mạng thư viện Đại học Đà Nẵng